000 00378nam a2200133 i 4500
001 bg
100 1 _aZAPOLSKI, Zdzisław
245 0 _aZastosowanie technologii bazy danych w systemie informatycznym gospodarki materiałowej /
_cZdzisław Zapolski.
260 _aWarszawa,
_c1984.
040 _cBPK
041 _apol
942 _cKS
008 s pl f |000 0 pol
999 _c22576
_d22576
856 _uhttp://koha.tu.koszalin.pl/cgi-bin/koha/opac-detail.pl?biblionumber=22576
_yKatalog online BPK